| 000 | 00739nam a2200205Ia 4500 | ||
|---|---|---|---|
| 003 | 0 | ||
| 005 | 20250130105224.0 | ||
| 008 | 150126s9999 xx 000 0 und d | ||
| 050 |
_aPGS GV 706.4 _b.P235 2014 |
||
| 100 | _aPark, Jun Hee. | ||
| 245 |
_aSports involvement and classroom behavior / _cJun Hee Park . |
||
| 260 |
_aLas PiƱas City, Philippines : _bSouthville International School and Colleges, _c2014. |
||
| 300 |
_a39 p. : _bcol. ill. ; _c28 cm. |
||
| 504 | _aIncludes bibliographical references. | ||
| 650 |
_aSports _vPsychological aspects. |
||
| 650 |
_aSports for children _vEducational aspects. |
||
| 650 |
_aPhysical education and training _vPsychological aspects. |
||
| 650 | _aClassroom behavior. | ||
| 942 |
_2lcc _cPASS |
||
| 999 |
_c278584 _d278584 |
||